|
|
|
|
| LEADER |
00000nab a2200000 a 4500 |
| 001 |
vtls000720358 |
| 003 |
SK-MaSNL |
| 005 |
20260304235929.0 |
| 008 |
250429c1999 xo 0 slo |
| 015 |
|
|
|a SNBRB2000/04-10952
|
| 035 |
|
|
|a CLN000072525
|
| 035 |
|
|
|a urn:nbn:sk:snk-ab2sv8
|
| 035 |
|
|
|a (urnnbn)urn:nbn:sk:snk:ar-a02w26
|
| 035 |
|
|
|a (uuid)47766a1e-a686-4a59-a150-c8a2b6b803a1
|
| 040 |
|
|
|a SNKBUCL
|b slo
|c SNKBUCL
|e AACR2
|
| 041 |
0 |
|
|a eng
|
| 044 |
|
|
|a xo
|c SK
|
| 080 |
|
|
|a 159.928
|2 1997
|
| 080 |
|
|
|a 159.9.07
|2 1997
|
| 100 |
1 |
|
|a Dočkal, Vladimír,
|d 1952-
|4 aut
|9 5006
|
| 245 |
1 |
0 |
|a Giftedness and talent: theory, research and practice
|c Vladimír Dočkal
|
| 504 |
|
|
|a Bibliogr. odkazy
|
| 504 |
|
|
|a Res. slov.
|
| 650 |
0 |
7 |
|a talent
|2 snkbucl
|9 18340
|
| 655 |
|
7 |
|a články z novín a časopisov
|2 snkbucl
|9 267496
|
| 773 |
0 |
|
|t Studia psychologica
|g Roč. 41, č. 4 (1999), s. 286-290
|x 0039-3320
|
| 850 |
|
|
|a Slovenská národná knižnica
|
| 852 |
|
|
|a Slovenská národná knižnica
|
| 958 |
|
|
|a article27
|
| 958 |
|
|
|a NB
|
| 958 |
|
|
|a OND
|
| 958 |
|
|
|a EUIPO
|
| 992 |
|
|
|a RBX
|
| 999 |
|
|
|c 3211313
|d 3213243
|